Statistiques concernant Premières paroles de chansons

Cliquez ici pour prendre le quiz!

Statistiques générales

  • Ce quiz a été pris 1,132 fois
  • Le résultat moyen est 19 sur 30

Statistiques - réponses

Answer % Correct
Je l'aime à mourir
87%
Daniel Balavoine
86%
Francis Cabrel
85%
Michel Sardou
84%
Indochine
81%
Santiano
81%
Les lacs du Connemara
79%
L'aventurier
77%
Stromae
77%
Le chanteur
75%
Papaoutai
74%
Joe Dassin
68%
Johnny Hallyday
66%
Le jerk
60%
L'envie
60%
Édith Piaf
59%
Gold
58%
Hugues Aufray
57%
Les Champs-Élysées
56%
Les copains d'abord
55%
Jean-Jacques Goldman
54%
Georges Brassens
51%
Comme toi
49%
Tryo
46%
L'hymne à l'amour
45%
Thierry Hazard
44%
L'hymne de nos campagnes
43%
Kendji Girac
43%
Un peu plus près des étoiles
37%
Color Gitano
35%

Distribution des résultats

Percentile par nombre de réponses

% des personnes avec chaque résultat

Votre développement - résultats

Vous n’avez pas pris ce quiz